000
00310nam a22001337a 4500
008
170330b xxu||||| |||| 00| 0 eng d
020
_a
9780801895562
041
_a
eng
080
_a
616-053.2
100
_a
8
101
_a
SHM
245
_a
YOUR CHILD INFLAMMATORY BOWEL DISEASE
_c
HEMKER.M.O
942
_2
udc
_c
BK
999
_c
9146
_d
9146